Prime Ministers of Finland - Statistics

General Stats
  • This quiz has been taken 58 times
  • The average score is 31 of 68
Answer Stats
Years Prime Minister % Correct
2019-2023 Sanna Marin
100%
2023- Petteri Orpo
94%
2014-2015 Alexander Stubb
83%
2015-2019 Juha Sipilä
83%
2019 Antti Rinne
77%
2011-2014 Jyrki Katainen
77%
1991-1995 Esko Aho
74%
1939-1940 Risto Ryti
71%
1950-1953 Urho Kekkonen
71%
1954-1956 Urho Kekkonen
71%
1922-1924 Kyösti Kallio
69%
1925-1926 Kyösti Kallio
69%
1929-1930 Kyösti Kallio
69%
1936-1937 Kyösti Kallio
69%
2003-2010 Matti Vanhanen
69%
1968-1970 Mauno Koivisto
69%
1979-1982 Mauno Koivisto
69%
2003 Anneli Jäätteenmäki
66%
1918 J. K. Paasikivi
66%
1944-1946 J. K. Paasikivi
66%
1995-2003 Paavo Lipponen
66%
2010-2011 Mari Kiviniemi
60%
1917-1918 P. E. Svinhufvud
57%
1930-1931 P. E. Svinhufvud
57%
1987-1991 Harri Holkeri
54%
1926-1927 Väinö Tanner
51%
1964-1966 Johannes Virolainen
49%
1948-1950 K.-A. Fagerholm
49%
1956-1957 K.-A. Fagerholm
49%
1958-1959 K.-A. Fagerholm
49%
1972-1975 Kalevi Sorsa
49%
1977-1979 Kalevi Sorsa
49%
1982-1987 Kalevi Sorsa
49%
1962-1963 Ahti Karjalainen
37%
1970-1971 Ahti Karjalainen
37%
1975 Keijo Liinamaa
37%
1946-1948 Mauno Pekkala
37%
1966-1968 Rafael Paasio
37%
1972 Rafael Paasio
37%
1922 A. K. Cajander
31%
1924 A. K. Cajander
31%
1937-1939 A. K. Cajander
31%
1943-1944 Edwin Linkomies
31%
1919 Kaarlo Castrén
31%
1961-1962 Martti Miettunen
31%
1975-1977 Martti Miettunen
31%
1944 Urho Castrén
31%
1953-1954 Sakari Tuomioja
29%
1957 V. J. Sukselainen
29%
1959-1961 V. J. Sukselainen
29%
1941-1943 Jukka Rangell
26%
1944 Antti Hackzell
23%
1927-1928 Juho Sunila
23%
1931-1932 Juho Sunila
23%
1918-1919 Lauri Ingman
23%
1924-1925 Lauri Ingman
23%
1954 Ralf Törngren
23%
1970 Teuvo Aura
23%
1971-1972 Teuvo Aura
23%
1932-1936 Toivo Kivimäki
23%
1925 Antti Tulenheimo
20%
1920-1921 Rafael Erich
20%
1958 Reino Kuuskoski
20%
1928-1929 Oskari Mantere
17%
1957-1958 Rainer von Fieandt
17%
1963-1964 Reino R. Lehto
17%
1919-1920 J. H. Vennola
14%
1921-1922 J. H. Vennola
14%
No matching quizzes found
Score Distribution
Percent of People with Each Score
Percentile by Number Answered
Your Score History
You have not taken this quiz